000 00892nam a22002177a 4500
003 OSt
005 20251124113324.0
008 251124b |||||||| |||| 00| 0 eng d
040 _cNolita
041 _aPortuguês
245 _aÉ divertido aprender :
_bculinária para crianças /
_c[coordenação, João J. Nobro]
260 _aRio de Janeiro :
_bAltaya,
_c1997
300 _a82 p. :
_bil. col. ;
_c28 cm
500 _aInclui índice.
520 _aObra introdutória que apresenta atividades culinárias pensadas para o público infantil. Traz receitas simples, ilustradas em cores, com instruções claras e acessíveis, estimulando autonomia, educação alimentar e envolvimento lúdico das crianças na cozinha.
650 0 _aGastronomia
_97
650 0 _aCulinária infantil
_91652
650 0 _aReceitas
_912
700 _aNobro, João J.
_91524
_eCoordenação
942 _2ddc
_cBK
_n0
999 _c1007
_d1007